| 000 | 00746nam a22001577a 4500 | ||
|---|---|---|---|
| 003 | OSt | ||
| 005 | 20151217150855.0 | ||
| 008 | 151217b xxu||||| |||| 00| 0 eng d | ||
| 040 | _cRUA | ||
| 082 | _aAED MOM 2008 B231 Or.1 | ||
| 100 |
_95039 _aMOM, BONA. |
||
| 245 | _aStudy on formulation process of livehood improvement groups of rural livelihood improvement project in kratie province, ការសិក្សាពីដំណើរការរៀបចំក្រុមកែលំអជីវភាពរបស់គំរោងលើកកំពស់ជីវភាពរស់នៅតាមទីជនបទ ខេត្តក្រចេះ | ||
| 260 |
_aPhnom Penh _bRUA _c2008 |
||
| 300 |
_av; 46p. _bill. _c29cm. |
||
| 942 |
_2ddc _cAED |
||
| 999 |
_c4689 _d4689 |
||